000 00644nam a2200229Ia 4500
003 OSt
005 20220928124102.0
006 a|||||r|||| 00| 0
007 ta
008 220927b |||||||| |||| 00| 0 eng d
024 _a51026
037 _cTextual
040 _aSDCL
_cSDCL
_beng
041 _2eng
_aeng
082 _aV41'N6, L1
100 _aLindbeck John M H Ed.
_9446126
245 0 _aChina
_b Management of a revolutionary society
260 _aLondon
_bUniversity of Washington Press
_c1971
300 _axv,389p
_ccm.
942 _hV41'N6, L1
_cTEXL
_2CC
999 _c776229
_d776229